000 00308nam a22001337a 4500
008 180814b xxu||||| |||| 00| 0 eng d
020 _a9780721603629
041 _aeng
080 _23rd
_a610.73
100 _a1
101 _aINF
245 _aHandbook of Nurse Anesthesia
_cNagelhout,J.J
942 _2udc
_cBK
999 _c47137
_d47137